000
00261nam a22001217a 4500
008
171215b xxu||||| |||| 00| 0 eng d
041
_a
eng
080
_a
77
100
_a
47
101
_a
EDU
245
_a
TO THE ENGLISH LANGUAGE
_c
TOM.M
942
_2
udc
_c
BK
999
_c
39039
_d
39039